000 00494pab a2200169 454500
008 180718b2008 xxu||||| |||| 00| 0 eng d
100 _aJeon, Yongbok
245 _aPuzzles, paradoxes, and regularities: cyclical and structural productivity in the United States (1950-2005)
260 _c2008
300 _ap.237-43.
362 _aSummer
650 _aLabour productivity
700 _aVernengo, Matias
773 _aReview of Radical Political Economics
908 _aN
909 _a79806
999 _c79806
_d79806